000 00306nam a2200133 i 4500
001 bg
100 1 _aŚMIGIELSKI, W.
245 0 _aLustrzanki małoobrazkowe /
_cW. Śmigielski.
260 _aWarszawa,
_c1986.
040 _cBPK
041 _apol
942 _cKS
008 s pl f |000 0 pol
999 _c2741
_d2741
856 _uhttp://koha.tu.koszalin.pl/cgi-bin/koha/opac-detail.pl?biblionumber=2741
_yKatalog online BPK